000 00431nam a2200169Ia 4500
008 230917s9999||||xx |||||||||||||| ||und||
020 _cRS625
040 _e242851
_aMAIN
041 _aEnglish
082 _a005.133 B279H
100 _aBarry, Paul
245 0 _aHead first programming
260 _aBeijing
_bO'Reilly
_c2015
300 _axxxiv, p.
500 _a2907 03/11/2017 HBD17/7107 05/12/2017 Main Budget
942 _cBK
999 _c24381
_d24381